000 00656nam a2200193Ii 4500
003 JO-AjNU
008 230605s9999||||xx |||||||||||||| ||und||
040 _aJO-AjNU
_bara
_erda
_cJO-AjNU
041 _aara
050 1 4 _aPJ7507.D3762 2003
100 3 _aدرابسة، محمود,
_eauthor
_924457
245 0 0 _aمفاهيم في الشعرية:دراسات في النقد العربي القديم
264 3 1 _aاربد: د.ن، 2002
300 _a178ص
336 _atext
_btxt
_2rdacontent
337 _aunmediated
_bn
_2rdamedia
338 _avolume
_bnc
_2rdacarrier
650 4 _aالنقد العربي-النقد العربي القديم
_924458
999 _aA9010
_c12578
_d12578